Open Data Biblioteca Nacional de Portugal


República Portuguesa: Ministério da Cultura
Biblioteca Nacional de Portugal

Catálogo da BNP: acesso por Identificadores Unívocos
Registos Bibliográficos associados ao registo de autoridade

Etiqueta de registo: 00471cam 2200181 450
001 1077660
003 http://id.bnportugal.gov.pt/bib/catbnp/1077660
005 20020715133400.0
010 ## $a959-10-0300-5
100 ## $a20020227d1996 ma y0pory0103 ba
101 0# $aspa
102 ## $aCU
106 ## $ar
200 1# $aTodo el amor$fed. lit. Miriam Matínez
210 #9 $aLa Habana$cLetras Cubanas,$dcop. 1996
215 ## $a140, [3] p.
675 ## $a821.134.2(729.1)-34"19"$vBN$zpor$3671001
702 #1 $aMartínez,$bMiriam$4340$31044495
801 #0 $aPT$bBN$gRPC
966 ## $lBN$mFGMON$sL. 92198 P.$x5

Etiqueta de registo: 00254nam 2200025 450
001 2266126
003 http://id.bnportugal.gov.pt/bib/catbnp/2266126
010 ## $a978-972-0-73046-6
021 ## $aPT$b550397/25
100 ## $a20260212d2025 c y0pory01030103ba
101 1# $apor$cspa
102 ## $aPT
105 ## $aa z 000fy
106 ## $ar
200 1# $aOnde ponho a minha irmã?$fPaula Beltrán, Vanessa Burillo, Miriam Martínez$gadapt. Cristiana Neves
205 ## $a1ª ed
210 #9 $aPorto$cPorto Editora,$d2025
215 ## $a[34] p.$cil.$d23 cm
304 ## $aTít. orig.: Dónde meto a mi hermana?
675 ## $a087.5$vBN$zpor$3287999
700 #1 $aBeltrán,$bPaula$31985265
701 #1 $aBurillo,$bVanesa$4070$31985266
702 #1 $aMartínez,$bMiriam$4070$31044495
702 #1 $aNeves,$bCristiana$4730$31758249
801 #0 $aPT$bBN$gRPC
856 41 $uhttp://rnod.bnportugal.gov.pt/ImagesBN/winlibimg.aspx?skey=&doc=2266126&img=220301&save=true
900 ## $aBIBNAC$d20260326
966 ## $lBN$mFGMON$sP. 72305 V.$x1
966 ## $lBN$mFGMON$sP. 72305 V.-D$x1
971 ## $cisantos$d20260212
973 ## $ctrodrigues$d20260312
975 ## $e0$d20260326$viquintas

OpendataBNP@bnportugal.pt | Mais informação sobre acesso aos dados BNP